Normal view MARC view

Entry Nombre corporativo

Number of records used in: 3

001 - NÚMERO DE CONTROL

  • campo de control: 207

003 - IDENTIFICADOR DEL NÚMERO DE CONTROL

  • campo de control: AR-BbIMB

005 - FECHA Y HORA DE LA ÚLTIMA TRANSACCIÓN

  • campo de control: 20230531102120.0

008 - DATOS DE LONGITUD FIJA

  • campo de control de longitud fija: 230531|| aca||aabn | a|a d

040 ## - FUENTE DE LA CATALOGACIÓN

  • Centro catalogador/agencia de origen: AR-BbIMB

110 1# - ENCABEZAMIENTO-NOMBRE DE ENTIDAD CORPORATIVA

  • Nombre de entidad corporativa o nombre de jurisdicción como elemento de entrada: Universidad Nacional del Sur.
  • Unidad subordinada: Departamento de Matématica

¿Necesita ayuda?

Si necesita ayuda para encontrar información, puede visitar personalmente la biblioteca en Av. Alem 1253 Bahía Blanca, llamarnos por teléfono al 291 459 5116, o enviarnos un mensaje a biblioteca.antonio.monteiro@gmail.com

Powered by Koha